000 00978cam a2200229 a 4500
999 _c2798
_d2798
020 _a9780749453107
020 _a0749453109
050 0 0 _aHD58.8
_b.C317 2009
100 1 _aCameron, Esther.
245 1 0 _aMaking sense of change management :
_ba complete guide to the models, tools & techniques of organizational change /
_cEsther Cameron & Mike Green.
250 _a2nd ed.
260 _aLondon ;
_aPhiladelphia :
_bKogan Page,
_cc2009.
300 _axi, 370 p. :
_bill. ;
_c24 cm.
500 _aIncludes index
505 _aIntroduction; 1 Individual change; 2 Team change; 3 Organizational change; 4 Leading change; 5 Restructuring; 6 Mergers and acquisitions; 7 Cultural change; 8 IT-based process change; Conclusion; References; Index.
650 0 _aOrganizational change
_xManagement.
650 0 _aTeams in the workplace
_xManagement.
650 0 _aReengineering (Management)
650 0 _aInformation technology
_xManagement.
700 1 _aGreen, Mike,
942 _cBK